| 000 | 00647nam a2200205 a 4500 | ||
|---|---|---|---|
| 005 | 20231028063735.0 | ||
| 008 | 991125s1967 bue 000 0 spa u | ||
| 035 | _aUPN01000014268 | ||
| 049 | _aCG | ||
| 050 | 4 |
_aLB1570 _bF3.38 1967 |
|
| 100 | 1 | _aFaunce, Roland C. | |
| 245 | 1 | 0 |
_aDesarrollo del plan escolar de núcleo básico / _cRoland C. Faunce y Nelson L. Bossing ; tr. Susana Scala. |
| 250 | _a2a ed. | ||
| 260 |
_aBuenos Aires : _bEUDEBA, _c1967. |
||
| 300 | _a351 p. | ||
| 440 | 0 |
_aTemas de EUDEBA. _pEducación |
|
| 650 | 4 |
_aEducación primaria _vPlanes y programas _99146 |
|
| 700 | 1 |
_aBoosing, Nelson L., _ecoaut. |
|
| 905 | _aLibro | ||
| 999 |
_c14268 _d14268 |
||